|
|
|
|
| LEADER |
00000cam a2200000 7i4500 |
| 001 |
0000002253 |
| 005 |
20061004093000.0 |
| 008 |
021118s1987 |
| 020 |
|
|
|a 0195048253
|
| 090 |
0 |
0 |
|a BD161
|b .B76 1987
|
| 100 |
0 |
|
|a Brown, Harold I. ,
|d 1940- ,
|e author
|
| 245 |
0 |
0 |
|a Observation and objectivity
|c Harold I. Brown
|
| 260 |
2 |
|
|a New York
|a Oxford :
|b Oxford University Press ,
|c 1987
|
| 300 |
|
|
|a xii, 255 p. ;
|c 22 cm.
|
| 504 |
|
|
|a Includes bibliographical references (p. 239-247) and index
|
| 650 |
|
0 |
|a Knowledge, Theory of
|
| 650 |
|
0 |
|a Objectivity
|
| 650 |
|
0 |
|a Perception (Philosophy)
|
| 650 |
|
0 |
|a Science
|x Philosophy
|
| 999 |
|
|
|a 1000048747
|b Book
|c OPEN SHELF (30 DAYS)
|e Gong Badak Campus
|